Movies Quiz

Random Movies or Disney Quiz

-lphabetized: Disney Characters Quiz Stats

 Plays Quiz Updated Apr 18, 2019

Score 0/12 Timer 03:00
0 Plays Today
Question Answer Wrong Answers
1st -laddin
91.3%
-ory
1.3%
-aleficent
1.1%
-ueen of Hearts
0.8%
1st -riel
91.1%
-smeralda
1.4%
-innie Mouse
1.2%
-car
0.8%
1st -nna
90.8%
-lsa
1.4%
-ickey Mouse
1.2%
-apunzel
0.9%
2nd -oofy
84.5%
-elle
6.6%
-ulan
1.9%
-titch
0.9%
4th -all-E
84.1%
-ruella de Vil
4.4%
-iminy Cricket
1.6%
-ocahontas
3.4%
4th -rsula
83.5%
-inderella
4.7%
-asmine
1.7%
-luto
3.5%
2nd -aston
83%
-ambi
7%
-ufasa
2.6%
-now White
1.3%
3rd -laf
80.8%
-uzz Lightyear
4.6%
-ack Skellington
4.5%
-arzan
3.6%
3rd -eter Pan
79.8%
-aptain Hook
5.7%
-afar
5.1%
-ramp
3.2%
3rd -emo
77.8%
-olt
4.4%
-ercules
7%
-ulley
4.2%
2nd -lynn Rider
77.6%
-aloo
8.6%
-ushu
5.2%
-imba
2.2%
4th -oody
70.7%
-onald Duck
5.4%
-ightning McQueen
4.7%
-ongo
12.7%

You're not logged in!

Compare scores with friends on all Sporcle quizzes.
OR
Log In

Sporcle TV

Today on Sporcle TV


Watch our educational content, quiz creation guides, and fun videos on Sporcle TV.

Show Comments

Extras

Top Quizzes Today


Score Distribution

Your Account Isn't Verified!

In order to create a playlist on Sporcle, you need to verify the email address you used during registration. Go to your Sporcle Settings to finish the process.

Report this User

Report this user for behavior that violates our Community Guidelines.

Details: